000 00349cam a2200145ua 4500
041 _aeng
_h
082 _a822
_bCAR/SI
100 _aCaroline, .
245 _aSix caroline plays /
_cCaroline.
_hTextual Documents
260 _aLondon :
_bOxford University Press ,
_c1962.
300 _a552 ; .
504 _a
942 _cBK
999 _c4446
_d4446